Normal view
MARC view
- Helen K. Seibert & Hershey R A
Entry Personal Name
001 - CONTROL NUMBER
- control field: 177082
003 - CONTROL NUMBER IDENTIFIER
- control field: OSt
005 - DATE AND TIME OF LATEST TRANSACTION
- control field: 20230314152138.0
008 - FIXED-LENGTH DATA ELEMENTS
- fixed length control field: 230314|| aca||aabn | a|a d
040 ## - CATALOGING SOURCE
- Original cataloging agency: OSt
- Transcribing agency: OSt
100 ## - HEADING--PERSONAL NAME
- Personal name: Helen K. Seibert & Hershey R A
670 ## - SOURCE DATA FOUND
- Source citation: Work cat.: (OSt)136946: Helen K. Seibert & Hershey R A, Physical Therapy Examination Review 1120 Multiple…